000117792 001__ 117792 000117792 005__ 20220725102148.0 000117792 037__ $$aTAZ-TFG-2022-2029 000117792 041__ $$aspa 000117792 1001_ $$aMaría Carmen Ibáñez Zapata 000117792 24200 $$aStaged Digital Transformation in an Auxiliary Footwear Manufacturing SME 000117792 24500 $$aTransformación digital por fases en una PYME manufacturera auxiliar del calzado 000117792 260__ $$aZaragoza$$bUniversidad de Zaragoza$$c2022 000117792 506__ $$aby-nc-sa$$bCreative Commons$$c3.0$$uhttp://creativecommons.org/licenses/by-nc-sa/3.0/ 000117792 520__ $$aAl hablar de Transformación Digital, nos referimos a un concepto que va mucho más allá de lo que comúnmente se entiende por tener una página web, utilizar redes sociales y almacenar datos en la nube.<br />Nos referimos al concepto de Industria 4.0., que cambia todos los aspectos tradicionales de la empresa: mejorando su rendimiento operativo, desarrollando nuevos modelos comerciales y acelerando su tiempo de comercialización para diferenciarse y mantenerse competitivos.<br />En relación a su aplicación a las pymes industriales, (Gómez, 2021), se generaliza la idea de urgencia y necesidad de abordar el camino hacia la industria 4.0 y la transformación digital si no se quiere perder competitividad y, sobre todo, las oportunidades de nuevos negocios.<br />En la carta blanca “Digital Transformations in Industrial Companies” de (Koerte, 2021), se indica que no son pocas las necesidades apremiantes a abordar en las transformaciones digitales: Estrategia, modelos de negocio, tecnología, ciberseguridad, dotación de personal, Sostenibilidad. los líderes empresariales deben abordarlos todos en una vez. Trabajar con un socio puede ayudar a una empresa a superar las probabilidades y llevar a cabo una transformación exitosa, pero es igual importante que la empresa se prepare para aprender y mantener transformándose en el futuro.<br />La proyección de este trabajo es lograr una transformación digital pautada, guiada y exitosa. Comenzado por el software de gestión de empresas ERP (Odoo en nuestro caso) que es una solución que permite implementar los cambios por fases y optimizarlas de forma secuencial al ritmo que marque la empresa.<br /><br /> 000117792 521__ $$aGraduado en Ingeniería de Organización Industrial 000117792 540__ $$aDerechos regulados por licencia Creative Commons 000117792 700__ $$aEsteban Sánchez, Ana Lucía$$edir. 000117792 7102_ $$aUniversidad de Zaragoza$$b $$c 000117792 8560_ $$f191298@unizar.es 000117792 8564_ $$s9896285$$uhttps://zaguan.unizar.es/record/117792/files/TAZ-TFG-2022-2029.pdf$$yMemoria (spa) 000117792 909CO $$ooai:zaguan.unizar.es:117792$$pdriver$$ptrabajos-fin-grado 000117792 950__ $$a 000117792 951__ $$adeposita:2022-07-25 000117792 980__ $$aTAZ$$bTFG$$cALM 000117792 999__ $$a20220621190943.CREATION_DATE